Zespoły, które grają w lidze mistrzów nieprzerwanie od 5 lat - Statystyki

Ogólne statystyki
  • Ten quiz został rozwiązany 40 razy
  • Średni wynik to 7 z 9
Statystyki odpowiedzi
Sezon bez występu w LM Klub % Poprawnych
1996/1997 Real Madryt
100%
2003/2004 FC Barcelona
95%
2007/2008 Bayern Monachium
93%
2011/2012 PSG
93%
2010/2011 Manchester City
90%
2017/2018 Inter Mediolan
78%
2012/2013 Atletico Madryt
75%
2015/2016 Borussia Dortmund
75%
2009/2010 Benfica Lizbona
40%
Nie znaleziono quizów pasujących do podanych kryteriów
Rozkład punktacji
Procent ludzi z każdym wynikiem
Percentyl według liczby udzielonych odpowiedzi
Twoja historia wyników
Nie rozwiązałeś tego quizu